000 00610cam a2200229 4500
008 090401t1991 xxu||||| |||| 00| 0 eng d
020 _a0900246545
035 _a(Sirsi) u54796
041 _aeng
050 _a068.4
245 _aPan-European associations : a directory of multi-national organisations in Europe
250 _a2nd ed.
260 _aBeckenham,Kent
_bCBD Research Ltd
_c1991
300 _ax,207p. ; 30cm.
350 _a50
650 _aASSOCIATIONS
650 _aDIRECTORIES
650 _aORGANISATIONS
700 _aHenderson, C.A.P.
_xEditor
942 _n0
948 _c04/03/1997
999 _c93505
_d93505